Minor League Baseball Teams - NL - Statistics

General Stats
  • This quiz has been taken 255 times
  • The average score is 27 of 60
Answer Stats
Hint Answer % Correct
Cubs, Triple-A Iowa Cubs
100%
Nationals, Triple-A Rochester Red Wings
100%
Diamondbacks, Double-A Amarillo Sod Poodles
67%
Braves, Single-A Augusta Green Jackets
67%
Mets, High-A Brooklyn Cyclones
67%
Braves, Triple-A Gwinnett Stripers
67%
Nationals, Double-A Harrisburg Senators
67%
Rockies, Double-A Hartford Yard Goats
67%
Pirates, Triple-A Indianapolis Indians
67%
Marlins, Triple-A Jacksonville Jumbo Shrimp
67%
Phillies, Triple-A Lehigh Valley Iron Pigs
67%
Reds, Triple-A Louisville Bats
67%
Cardinals, Triple-A Memphis Redbirds
67%
Braves, Double-A Mississippi Braves
67%
Brewers, Triple-A Nashville Sound
67%
Cardinals, Single-A Palm Beach Cardinals
67%
Cardinals, High-A Peoria Chiefs
67%
Diamondbacks, Triple-A Reno Aces
67%
Braves, High-A Rome Braves
67%
Cubs, High-A South Bend Cubs
67%
Cardinals, Double-A Springfield Cardinals
67%
Mets, Single-A St. Lucie Mets
67%
Mets, Triple-A Syracuse Mets
67%
Cubs, Double-A Tennessee Smokies
67%
Pirates, Double-A Altoona Curve
33%
Marlins, High-A Beloit Sky Carp
33%
Brewers, Double-A Biloxi Shuckers
33%
Mets, Double-A Binghamton Rumble Ponies
33%
Pirates, Single-A Bradenton Marauders
33%
Brewers, Single-A Carolina Mudcats
33%
Phillies, Single-A Clearwater Threshers
33%
Reds, Single-A Daytona Tortugas
33%
Reds, High-A Dayton Dragons
33%
Padres, Triple-A El Paso Chihuahuas
33%
Giants, High-A Eugene Emeralds
33%
Nationals, Single-A Fredericksburg Nationals
33%
Rockies, Single-A Fresno Grizzlies
33%
Dodgers, High-A Great Lakes Loons
33%
Diamondbacks, High-A Hillsboro Hops
33%
Phillies, High-A Jersey Shore Blue Claws
33%
Marlins, Single-A Jupiter Hammerheads
33%
Padres, Single-A Lake Elsinore
33%
Cubs, Single-A Myrtle Beach Pelicans
33%
Marlins, Double-A Pensacola Blue Wahoos
33%
Dodgers, Single-A Rancho Cucamonga Quakes
33%
Phillies, Double-A Reading Fightin' Phils
33%
Giants, Double-A Richmond Flying Squirrels
33%
Giants, Triple-A Sacramento River Cats
33%
Padres, Double-A San Antonio Missions
33%
Giants, Single-A San Jose Giants
33%
Rockies, High-A Spokane Indians
33%
Dodgers, Double-A Tulsa Drillers
33%
Diamondbacks, Single-A Visalia Rawhide
33%
Nationals, High-A Wilmington Blue Rocks
33%
Brewers, High-A Wisconsin Timber Rattlers
33%
Rockies, Triple-A Alburquerque Isotopes
0%
Reds, Double-A Chatanooga Lookouts
0%
Padres, High-A Fort Wayne Tin Caps
0%
Pirates, High-A Greensboro Grashoppers
0%
Dodgers, Triple-A Oklahoma City Dodgers
0%
No matching quizzes found
Score Distribution
Percent of People with Each Score
Percentile by Number Answered
Your Score History
You have not taken this quiz